Ecoregion-based conservation in the Chihuahuan desert : (Registro nro. 1875)

Detalles MARC
000 -CABECERA
Campo de control 01114nam a2200313 i 4500
005 - FECHA Y HORA DE LA ULTIMA TRANSACCION
Campo de control 20200104041525.0
008 - ELEMENTOS DE LONGITUD FIJA—INFORMACION GENERAL
Campo de control 140303n mx |||||rab 00| 0 spa d
040 ## - FUENTE DE CATALOGACIÓN
Agencia catalogadora original CO-BoIAVH
Agencia transcriptora CO-BoIAVH
041 ## - IDIOMA
Código de idioma para texto/pista de sonido o título separado Inglés
044 ## - PAÍS DE PUBLICACIÓN
País de publicación México
082 04 - NUMERO DE CLASIFICACION DECIMAL DEWEY
Número de clasificación 333.9516
Número del ítem E19e
245 00 - MENCION DE TITULO
Título Ecoregion-based conservation in the Chihuahuan desert :
Parte restante del título a biological assessment and biodiversity vision /
260 ## - PUBLICACION, DISTRIBUCION, ETC. (PIE DE IMPRENTA)
Lugar de publicación, distribución, etc. s.l
Nombre del editor, distribuidor, etc. s.e
Fecha de publicación, distribución, etc. s.f
300 ## - DESCRIPCION FISICA
Extensión 318 páginas ;
Dimensiones 28 cm.
650 14 - ASIENTO SECUNDARIO DE MATERIA - TERMINO TEMATICO
Término temático o nombre geográfico como elemento de entrada Diversidad biólogica
Subdivisión general Conservación
9 (RLIN) 49338
650 24 - ASIENTO SECUNDARIO DE MATERIA - TERMINO TEMATICO
Término temático o nombre geográfico como elemento de entrada Conservación biológica
9 (RLIN) 98
650 24 - ASIENTO SECUNDARIO DE MATERIA - TERMINO TEMATICO
Término temático o nombre geográfico como elemento de entrada Conservación de la naturaleza
9 (RLIN) 97
650 24 - ASIENTO SECUNDARIO DE MATERIA - TERMINO TEMATICO
Término temático o nombre geográfico como elemento de entrada Conservación de los recursos naturales
9 (RLIN) 49341
650 24 - ASIENTO SECUNDARIO DE MATERIA - TERMINO TEMATICO
Término temático o nombre geográfico como elemento de entrada Conservación del medio ambiente
9 (RLIN) 49342
650 24 - ASIENTO SECUNDARIO DE MATERIA - TERMINO TEMATICO
Término temático o nombre geográfico como elemento de entrada Áreas de conservación de recursos naturales
9 (RLIN) 49343
650 24 - ASIENTO SECUNDARIO DE MATERIA - TERMINO TEMATICO
Término temático o nombre geográfico como elemento de entrada Ecología de desiertos
9 (RLIN) 49344
662 ## - ASIENTO SECUNDARIO DE MATERIA - JERARQUIA DEL NOMBRE DE LUGAR(
País o entidad mayor México
700 1# - ASIENTO SECUNDARIO - NOMBRE PERSONAL
Nombre personal Inigo, Eduardo,
Término de relación editor
9 (RLIN) 13522
700 1# - ASIENTO SECUNDARIO - NOMBRE PERSONAL
Nombre personal Olson, David M.,
Término de relación editor
9 (RLIN) 7316
700 1# - ASIENTO SECUNDARIO - NOMBRE PERSONAL
Nombre personal Dinerstein, Eric,
Término de relación editor
9 (RLIN) 7313
700 1# - ASIENTO SECUNDARIO - NOMBRE PERSONAL
Nombre personal Abell, Robin,
Término de relación editor
9 (RLIN) 12036
700 1# - ASIENTO SECUNDARIO - NOMBRE PERSONAL
Nombre personal Loucks, Colby
Término de relación ilustrador
9 (RLIN) 13524
942 ## - ELEMENTOS ADICIONALES (KOHA)
Tipo de ítem Libro
Sistema de clasificación Dewey Decimal Classification
Existencias
Withdrawn status Lost status Sistema de Clasificación Damaged status No para préstamo Colección Inventariado Ubicación Permanente Ubicación actual Fecha de adquisición Fuente de Valor Valor Total Checkouts Número topográfico Inventario / Código de Barras Date last seen Ejemplar Price effective from Forma de adquisición Tipo de material
    Dewey Decimal Classification     General Inventariado 2017 Bogotá Bogotá 24/01/2001 Instituto 39000.00   LB-333.9516 E19e 002343 04/12/2012 Ej. 1 04/12/2012   Libro